| 000 | 00939nam a2200277Ia 4500 | ||
|---|---|---|---|
| 001 | 12574 | ||
| 003 | GE_BSU | ||
| 008 | 181216s||||||||xx |||||||||||||| ||und|| | ||
| 020 | _a9785756706703 | ||
| 040 | _cGE_BSU | ||
| 080 | _a327 | ||
| 100 | _aБорисов,А.Ю. | ||
| 245 | _aИстория Международных Отношений; Т 2. Межвоенный период и вторая мировая война | ||
| 245 | _cПод.ред:А.В.Торкунова; М.М.Наринского. | ||
| 250 | _a2-ое | ||
| 260 | _aМосква | ||
| 260 | _bАспект-Пресс | ||
| 260 | _c2014 | ||
| 300 | _a496стр.24см. | ||
| 541 | _h69Л. | ||
| 653 | _aИстория Международных Отношений. т.2 | ||
| 653 | _aМежвоенный период и вторая мировая война | ||
| 653 | _aПолитика | ||
| 653 | _aპოლიტიკა | ||
| 942 | _cBK | ||
| 999 |
_c45747 _d45747 |
||